| 000 | 00386nam a2200145Ia 4500 | ||
|---|---|---|---|
| 008 | 230917s9999||||xx |||||||||||||| ||und|| | ||
| 040 |
_e59283 _aMAIN |
||
| 041 | _aEnglish | ||
| 082 | _a822.33 S15R | ||
| 100 | _aFurness, Horace Howard, ed. | ||
| 245 | 0 | _aRomeo and Juliet: A new variorum edition of Shakespeare | |
| 260 |
_aNew York _bDover _c1963 |
||
| 300 | _a480 p. | ||
| 942 | _cBK | ||
| 999 |
_c184402 _d184402 |
||